| 000 | 01753cam a22004457a 4500 | ||
|---|---|---|---|
| 003 | CHAP | ||
| 005 | 20220329140458.0 | ||
| 008 | 971013s1995 r 00010 d | ||
| 010 | _a52563 | ||
| 011 | _a53535 | ||
| 020 | _a9688843016 | ||
| 035 | _a57685 | ||
| 040 | _cCHAP | ||
| 082 |
_a628.53 _bG7 |
||
| 100 | 0 | 0 |
_aGranados Sánchez, Diódoro. _950356 |
| 245 | 0 |
_aDestrucción del planeta y educación ambiental _c/por Diodóro Granados Sánchez y Lourdes Pérez Castañeda |
|
| 260 |
_aChapingo, Méx. : _bUACH. Dirección de Difusión Cultural, _c1995. |
||
| 300 |
_a200 p. _b: ilus. |
||
| 590 |
_aBATCH-UPD _b10 _c20130110 _lUCH01 _h0622 |
||
| 590 |
_aBATCH-UPD _b10 _c20130410 _lUCH01 _h0305 |
||
| 590 |
_aBATCH-UPD _b10 _c20130913 _lUCH01 _h2328 |
||
| 590 |
_aCONVERSION _b10 _c20130109 _lUCH01 _h1328 |
||
| 650 | 1 | 4 |
_aAgua _xContaminación. _92351 |
| 650 | 1 | 4 |
_aAire _xContaminación. _93138 |
| 650 | 1 | 4 |
_aAlimentos _xContaminación. _94205 |
| 650 | 1 | 4 |
_aBiodiversidad. _912724 |
| 650 | 1 | 4 |
_aEducación ambiental. _935556 |
| 650 | 1 | 4 |
_aErosión. _937335 |
| 650 | 1 | 4 |
_aMedio ambiente _xContaminación. _974069 |
| 650 | 1 | 4 |
_aSuelos _xContaminación. _9110327 |
| 700 | 0 |
_aPérez Castañeda, Lourdes. _989563 |
|
| 901 | _aBK | ||
| 942 | _cLIBRO | ||
| 949 |
_a628.53 G7 _bBC _cLIBRO _d33724000040226 _eLIBRO _h89785 _i57685 _mD _si |
||
| 949 |
_a628.53 G7 _bBC _cLIBRO _d33724000040275 _eLIBRO _fc.4 _h89788 _i57685 _mD _si |
||
| 949 |
_a628.53 G7 _bBC _cLIBRO _d33724000040283 _eLIBRO _fc.2 _h89786 _i57685 _mD _si |
||
| 949 |
_a628.53 G7 _bBC _cLIBRO _d33724000740304 _eLIBRO _fc.6 _gI. c/e _h96856 _i57685 _si _t$72.00 |
||
| 949 |
_a628.53 G7 _bBC _cLIBRO _d33724000872404 _eLIBRO _fc.3 _h89787 _i57685 _si |
||
| 949 |
_a628.53 G7 _bBC _cUACH _d-125432 _eUACH _fc.5 _h89789 _i57685 _mD _si |
||
| 999 |
_c52563 _d52563 |
||